| 000 | 00556nam a22002057a 4500 | ||
|---|---|---|---|
| 005 | 20250304060941.0 | ||
| 008 | 250304b |||||||| |||| 00| 0 eng d | ||
| 020 | _a9789327267051 | ||
| 040 |
_aIN-DiNC _cIN-DiNC |
||
| 041 | _deng | ||
| 082 | _a330.954162 | ||
| 100 |
_aDHA _eauthor |
||
| 245 |
_aThe economy of assam _bIncluding economy of north-east india(Major)/ _cDhar, P.K. |
||
| 250 | _a1st ed. | ||
| 260 |
_aLudhiana: _bKalyani, _c1987. |
||
| 300 | _a789p. | ||
| 650 | _aEconomic Development | ||
| 700 |
_aP.K. Dhar _eauthor |
||
| 942 |
_2ddc _cBK |
||
| 999 |
_c12125 _d12125 |
||